000 00551nam a22001937a 4500
005 20230928135525.0
008 230928b ||||| |||| 00| 0 eng d
020 _a9879730379523
040 _aIN-DiNC
_cIN-DiNC
041 _deng
082 _a030
_bMAS
245 _aMaster guide SSC CHSL 10+2 tier I:
_bLDC/DEO/JSA online exam 2023/
_cby Arihant expert team
260 _aMeerut:
_bArihant,
650 _aGeneral intelligence
650 _aQuantitative aptitude
650 _aEnglish language
650 _aGeneral awareness
942 _2ddc
_cBK
999 _c11672
_d11672